El derecho administrativo y la prevención de la corrupción urbanística
Salvato in:
| Autore principale: | |
|---|---|
| Natura: | Libro |
| Lingua: | spagnolo |
| Pubblicazione: |
Madrid
Marcial Pons
2016
|
| Edizione: | 1a. ed |
| Soggetti: | |
| Tags: |
Aggiungi Tag
Nessun Tag, puoi essere il primo ad aggiungerne!!
|
MARC
| LEADER | 00000cam a2200000 a 4500 | ||
|---|---|---|---|
| 001 | UCD6553 | ||
| 003 | CL-VaPUC | ||
| 008 | 161216e20160000sp |||||||||||||||||spa|d | ||
| 020 | |a 9788491230908 | ||
| 082 | 0 | 4 | |a 352.35 |b CAP |2 21 |
| 100 | 0 | |a Capdeferro Villagrasa, Oscar |e author |9 590410 | |
| 245 | 1 | 3 | |a El derecho administrativo y la prevención de la corrupción urbanística |
| 250 | |a 1a. ed | ||
| 300 | |a 407 p | ||
| 942 | |c BK | ||
| 945 | |d 20161216 10:21:00 |a arojas | ||
| 260 | |a Madrid |b Marcial Pons |c 2016 | ||
| 650 | 0 | |a Derecho público |9 255910 | |
| 650 | 0 | |a Derecho administrativo |9 254851 | |
| 650 | 0 | |a Corrupción administrativa |9 495722 | |
| 650 | 7 | |a SERVICIO PUBLICO |2 CL-VaPUC |9 352912 | |
| 583 | |a last modification |c 20161216 10:21:00 |k Rodrigo Vera | ||
| 999 | |c 366842 |d 366840 | ||
| 952 | |0 0 |1 0 |3 erb |4 0 |6 352_350000000000000_CAP_2016 |7 0 |8 A |9 481396 |a BIBDER |b BIBDER |i 5356075 |o 352.35 CAP 2016 |p 5356075 |r 2023-01-25 |w 2019-11-24 |y BK |z Catalogado en:20161216 |k DER | ||